| 000 | 00396nam a2200157Ia 4500 | ||
|---|---|---|---|
| 005 | 20250516013303.0 | ||
| 008 | 240331s9999 xx 000 0 und d | ||
| 020 | _a9789555030915 | ||
| 082 |
_bJAY _a294 |
||
| 100 | _aJayaweera,S | ||
| 245 | 0 |
_aJatha kathawala : _baparadha vidyathmaka lakshana |
|
| 260 |
_aColombo _bNew Withiyadara |
||
| 300 | _a175 p ., | ||
| 650 | _aFolk Stories | ||
| 942 | _cL | ||
| 999 |
_c5148 _d5148 |
||